| 000 | 00635cam a2200193 a 4500 | ||
|---|---|---|---|
| 001 | 000003106 | ||
| 005 | 20200929150330.0 | ||
| 008 | 831015s1978 uy 001 p spa | ||
| 040 |
_aDO-SdBNP _cDLC _dDLC |
||
| 082 |
_aU861.3 _bF475h |
||
| 100 | 1 |
_aFigueira, Gastón, _d1905- _99783 |
|
| 245 | 1 | 0 |
_aHistoria crítica de la poesía estadounidense (1607-1977) / _cGastón Figueira. |
| 260 |
_aMontevideo : _bRosgal, _c1978. |
||
| 300 |
_a161 p. ; _c19 cm. |
||
| 500 | _aIncluye índice onomástico | ||
| 650 | 4 |
_aPoesía uruguaya _xHistoria y crítica _99784 |
|
| 650 | 4 |
_aLiteratura uruguaya _93054 |
|
| 910 | _aCatalogación por copia / LC | ||
| 999 |
_c2937 _d2937 |
||